000 01316nam a2200421 c 4500
001 24011
003 ES-MaCES
005 20161115134411.0
008 111010s2011 sp d t 000 | spa d
017 _aM 27731-2011
_bDL
020 _a9788434413566
035 _aCES20110007524m
040 _aES-MaCES
_bspa
_cES-MaCES
245 0 0 _aManual de sistema financiero español
_cJosé Alberto Parejo Gámir ... [et al.]
250 _a23ª ed. act.
260 _aBarcelona
_bAriel
_c2011
300 _aXII, 818 p.
_c24 cm
490 1 _aAriel economía
504 _aBibliografía: p. 799-818
541 _cCompra
610 2 4 _aBanco de España
_91586
650 4 _amercado financiero
_928150
650 4 _asector financiero
_930761
650 4 _apolítica monetaria
_928101
650 4 _asistema monetario internacional
_928167
650 4 _abanco
_928104
650 4 _agrupo de ahorro y crédito
_929763
650 4 _aactividad bancaria
_928105
650 4 _aEspaña
_926964
650 4 _amanual
_929264
653 1 0 _aFinanciación
700 1 _aParejo Gámir, José Alberto
_920382
775 0 _tManual de sistema financiero español
_w(ES-MaCES)45919
830 0 _aAriel economía
_932204
902 _aLIB Libro
942 _2CES
_cBK
_h0.0.
999 _c24011
_d24011